|
|
|
|
| LEADER |
00000cam a2200000 a 4500 |
| 001 |
vtls001446713 |
| 003 |
SK-MaSNL |
| 005 |
20260302002154.0 |
| 008 |
240226s2002 xo l grfn 001 0 slo |
| 015 |
|
|
|a SNBA2003/06-01738
|
| 020 |
|
|
|a 8080542309
|
| 035 |
|
|
|a SNK000401966
|
| 035 |
|
|
|a urn:nbn:sk:snk-am3j0f2
|
| 035 |
|
|
|a 48D292A3-B7F5-45B2-8324-88DFD7886589
|
| 035 |
|
|
|a urn:nbn:sk:snk-am00ge2u
|
| 040 |
|
|
|a SNK
|b slo
|c SNK
|e AACR2
|
| 041 |
0 |
|
|a slo
|b eng
|b ger
|b hun
|b rus
|
| 044 |
|
|
|a xo
|c SK
|
| 072 |
|
7 |
|a 325
|x Medzinárodná migrácia, exil, kolonizácia
|2 konspekt
|
| 080 |
|
|
|a 314.15-026.44
|2 2011
|
| 080 |
|
|
|a 327.5
|2 2011
|
| 080 |
|
|
|a 314.151.3-054.73
|2 2011
|
| 080 |
|
|
|a 314.15:323.1
|2 2011
|
| 080 |
|
|
|a (035)
|2 2011
|
| 100 |
1 |
|
|a Csámpai, Ottó,
|d 1952-
|4 aut
|9 238807
|
| 245 |
1 |
0 |
|a Medzinárodná migrácia
|b (sociálny problém a bezpečnostné riziko)
|c Otto Csámpai, Jozef Haládik
|
| 250 |
|
|
|a 1. vydanie
|
| 260 |
|
|
|a Bratislava
|b Akadémia Policajného zboru
|c 2002
|
| 300 |
|
|
|a 154 strán
|b tabuľky
|c 21 cm
|
| 366 |
|
|
|e 250 kusov
|
| 504 |
|
|
|a Bibliografia na strane 141-144 ; menný register
|
| 546 |
|
|
|a Anglické, maďarské, nemecké a ruské resumé
|
| 650 |
0 |
7 |
|a medzinárodná migrácia
|2 SNKPH
|9 3786
|
| 650 |
0 |
7 |
|a medzinárodná bezpečnosť
|2 SNKPH
|9 2672
|
| 650 |
0 |
7 |
|a utečenci
|2 SNKPH
|9 993
|
| 650 |
0 |
7 |
|a migračná politika
|2 SNKPH
|9 3787
|
| 655 |
|
7 |
|a príručky
|2 SNKPH
|9 74364
|
| 700 |
1 |
|
|a Haládik, Jozef,
|d 1952-
|4 aut
|9 210845
|
| 919 |
|
|
|a 80-8054-230-9
|
| 958 |
|
|
|a NB
|
| 958 |
|
|
|a OND
|
| 999 |
|
|
|c 986908
|d 988838
|
| 952 |
|
|
|a SNK
|b SNK
|y PREZ
|7 0
|p 17A0365871
|o snkSC 110214
|i snkKSP 15396/2002
|0 0
|1 0
|4 0
|d 2002-12-18
|f 1
|l 0
|r 2025-09-30 00:00:00
|w 2026-02-24
|
| 952 |
|
|
|t snkCSA 325
|a SNKUST
|b SNKUST
|y PREZ
|7 0
|p 17A0365872
|o snkSC 110214 D1
|i snkKSP 15397/2002
|0 0
|1 0
|4 0
|d 2002-12-18
|l 0
|r 2025-05-28 00:00:00
|w 2026-02-24
|